LEADER 01236nam a2200277 a 4500 001 000000117461 003 CaOOAMICUS 005 20100129134026.0 008 091016s2008 it a u000 u ita r 020 $a978-88-568-0055-5 040 $aPUL$bita$dReb 100 1 $aLoro, Daniele.$0(OLS)http://pul/name/73278 245 10$aFormazione ed etica delle professioni :$bil formatore e la sua esperienza morale /$cDaniele Loro. 260 $aMilano :$bFrancoAngeli,$c©2008. 300 $a206 p. :$bill. ;$c23 cm. 490 1 $aScienze della formazione 504 $aBibliografia p. 201-206 650 4$aEtica.$0(OLS)http://pul/subject/547 650 4$aFormazione professionale.$0(OLS)http://pul/subject/12699 830 0$aScienze della formazione.$0(OLS)http://pul/title/147812 850 $aPUL 852 $aPUL$W1$xSL Diritto e Scienze Sociali 3$y79$m301 LORDA 1$j134806$qDDC 21$B133777$CPULBib$Z2$F133777 $H111380 $82 941 1 $a9 996 $6020$a978-88-568-0055-5$9(OLS)http://pul/number/142085 996 $6245$aFormazione ed etica delle professioni :$bil formatore e la sua esperienza morale$9(OLS)http://pul/title/147811 996 $6260$aMilano :$bFrancoAngeli$9(OLS)http://pul/publisher/66898 LEADER 01696namaa2200385 i 4500 001 000000177787 003 CaOOAMICUS 005 20250526141802.0 007 tu 008 250526s2024 it 000 u ita r 020 $a978-88-08-99958-0* 040 $aPUL$bita$erda 082 0 $a346.016 245 10$aMatrimonio e famiglia :$btra diritti religiosi e diritti secolari /$ca cura di Geraldina Boni, Andrea Zanotti ; con i contributi di Geraldina Boni ... [et al.]. 250 $a1.ed. gennaio 2024 264 4$c©2024. 264 1$aBologna :$bZanichelli,$c[2024] 300 $a XIV, 334 pagine ;$c24 cm 336 $atesto$btxt$2rdacontent 337 $asenza mediazione$bn$2rdamedia 338 $avolume$bnc$2rdacarrier 504 $aBibliografia in nota a piè pagina. 650 4$aMatrimonio (diritto)$zItalia.$0(OLS)http://pul/subject/5893 650 4$aMatrimonio concordatario.$0(OLS)http://pul/subject/45561 700 1 $aBoni, Geraldina,$d1965-,$ecuratore.$0(OLS)http://pul/name/31447 700 1 $aZanotti, Andrea,$d1957-,$ecuratore.$0(OLS)http://pul/name/1126 850 $aPUL 852 $aPUL$W1$xSL Diritto e Scienze Sociali 3$y79$m346. 016 BONGE 1$j201708$qDDC 21$B206759$CPULBib$Z2$F206759 $H137883 $82 941 1 $a9 996 $6020$a978-88-08-99958-0*$9(OLS)http://pul/number/170378 996 $6082$a346.016$9(OLS)http://pul/classification/2160 996 $6245$aMatrimonio e famiglia :$btra diritti religiosi e diritti secolari$9(OLS)http://pul/title/219330 996 $6264$aBologna :$bZanichelli$9(OLS)http://pul/publisher/48255 996 $6264$a[S.l.] :$b[s.n.]$9(OLS)http://pul/publisher/0